00596nam a2200193 a 450000100060000000300080000600500170001400800410003103500190007204000320009104100080012308200310013110000380016224500670020026000460026730000250031365000300033865100340036846061BD-RjUL20211209054113.0160730s1957 enk 000 0 eng d a(BD-RjUL)46179 aFHMcFHMdUKMdBD-RjULbeng aeng04a378.15540913223bRAA 19571 aRaybould, Sidney Griffith,d1903-10aAdult education at a tropical university /cby S. G. Raybould. aNew York :bLongmans, Green & co. ,c1957 aix, 114 p. ;c19 cm. 0aAdult educationzNigeria. 0bUniversity.aIbadan, Nigeria.